000 01846cam a22005054i 4500
003 PE-LiUPU
005 20250731165619.0
008 150616s r 000 0 d
035 _a(Sirsi) a6009
035 _a(Sirsi) a6009
040 _aPE-LiUPU
_bspa
_cPE-LiUPU
_erda
049 _aPRUA
082 0 4 _a221.008
_bAB
_221
100 1 _aStanley, David Michael,
_eautor.
245 1 0 _aChrist's Resurrection in Pauline Soteriology.
_n13 /
_cDavid Michael Stanley.
264 1 _aRoma :
_bPontificio Instituto Biblico,
_c1961.
300 _a315 páginas ;
_c24 cm.
336 _atext
_2rdacontent
337 _aunmediated
_2rdamedia
338 _avolume
_2rdacarrier
490 0 _aAnalecta Biblica ;
_v13
505 0 _aChrist's resurrection in the primitive preaching -- The preaching of paul -- The Macedonian Epistles: Second Corinthians, Galatians -- The pastorals and the resurrection of christ.
526 _aSEG44
526 _aSEG26
526 _aP151
526 _aP150
526 _aP149
526 _aP146
526 _aP145
526 _aP126
526 _aP125
526 _aP92
526 _aP75
526 _aP74
526 _aP27
526 _aP15
650 0 4 _aResurrección de Jesús.
910 _ajck
_bjvq
_cjck
942 _2ddc
_cBOOK
949 _aRC 221.008 AB 13
_wDEWEY
_c1
_i23061
_lRC
_mBUL
_r0
_sY
_tBOOK
_u2015-6-16
_xTEOLOGIA
_zUNKNOWN
_0COMPRA
_o.CIRCNOTE. No olvidar cambiar la fecha de devolución!!!!!!!
_o.STAFF. Colección General
994 _aC0
_bPEPRU
596 _a1
999 _aRC 221.008 AB 13
_wDEWEY
_c57097
_i23061
_f2021-11-8
_g6
_lCCODEBUL1
_mBUL
_r1
_sY
_tBOOK
_u2015-6-16
_xTEOLOGIA
_zUNKNOWN
_0COMPRA
_o.CIRCNOTE. No olvidar cambiar la fecha de devolución!!!!!!!
_o.STAFF. Colección General
_d57097
980 _81
_gALBERTO SANCHEZ Responsable de Automatización